000 01227nam a22002057a 4500
999 _c60302
_d60302
003 Ge_BSU
005 20230627143539.0
008 230627s1965 ge ||||| |||| 00| 0 geo d
041 _ageo
080 _a069.51 ა-19
100 _aაბრამიშვილი, თამარ
_913741
245 _aსაქართველოს სახელმწიფო მუზეუმის ბიზანტიური მონეტები /
_cთამარ აბრამიშვილი; რედაქტორი ს. ყაუხჩიშვილი; საქ. სსრ მეცნ. აკადემია.
264 _aთბილისი:
_bმეცნიერება,
_c1965.
300 _a156 გვ. :
_b16 ფ. ილ. ;
_c27 სმ.
653 _aსაქართველოს სახელმწიფო მუზეუმი
653 _aბიზანტიური მონეტების ექსპონატები
700 _aყაუხჩიშვილი, ს.
_eრედაქტორი
_919004
710 _a საქართველოს სსრ მეცნიერებათა აკადემია
_919005
942 _2udc
_cBK